My v číslach pohyb obyvateľstva 2014

Na minha lista:
Detalhes bibliográficos
Formato: Livro
Idioma:eslovaco
Publicado em: Bratislava Štatistický úrad Slovenskej republiky 2015
Colecção:Demografia a sociálna štatistika marec 2015
Assuntos:
Tags: Adicionar Tag
Sem tags, seja o primeiro a adicionar uma tag!

MARC

LEADER 00000nlm$a2200000$$$4500
001 0207363
005 20240827082928.8
020 |a 978-80-8121-425-7 
041 0 |a slo 
044 |a SK 
245 1 0 |a My v číslach  |b pohyb obyvateľstva 2014 
264 1 |a Bratislava  |b Štatistický úrad Slovenskej republiky  |c 2015 
300 |a 15 s. 
490 1 |a Demografia a sociálna štatistika  |v marec 2015 
830 0 |a Demografia a sociálna štatistika  |v marec 2015 
500 |a Zdroj dokumentu: Štatistický úrad SR 
610 2 0 |a demografia 
610 2 0 |a pohyb obyvateľstva 
610 2 0 |a pôrodnosť 
610 2 0 |a úmrtnosť 
610 2 0 |a migrácia 
610 2 0 |a Slovensko